| Tag |
First Indicator |
Second Indicator |
Subfields |
| LEADER |
00000cam a2200000Ia 4500 |
| 001 |
in00002575953 |
| 005 |
20210727154805.0 |
| 006 |
m d |
| 007 |
cr cn| |
| 008 |
100323s2010 gw a sb 001 0 eng d |
| 020 |
|
|
|a 3642031218
|
| 020 |
|
|
|a 9783642031212
|
| 035 |
|
|
|a (OCoLC)567353178
|
| 035 |
|
|
|a (OCoLC)ocn567353178
|
| 035 |
|
|
|a 3706852
|
| 037 |
|
|
|a 978-3-642-03120-5
|b Springer
|n http://www.springerlink.com
|
| 040 |
|
|
|a GW5XE
|b eng
|c GW5XE
|d UtOrBLW
|
| 049 |
|
|
|a TXAC
|
| 050 |
1 |
4 |
|a HD30.213
|
| 082 |
0 |
4 |
|a 658.4038011
|2 22
|
| 245 |
0 |
0 |
|a Modern business process automation :
|b YAWL and its support environment /
|c edited by Arthur H.M. ter Hofstede [and others].
|
| 264 |
|
1 |
|a Heidelberg :
|b Springer,
|c [2010]
|
| 264 |
|
4 |
|c ©2010
|
| 300 |
|
|
|a xviii, 676 pages :
|b illustrations ;
|c 24 cm.
|
| 336 |
|
|
|a text
|b txt
|2 rdacontent
|
| 337 |
|
|
|a computer
|b c
|2 rdamedia
|
| 338 |
|
|
|a online resource
|b cr
|2 rdacarrier
|
| 500 |
|
|
|a Electronic resource.
|
| 504 |
|
|
|a Includes bibliographical references and index.
|
| 533 |
|
|
|a Electronic reproduction.
|b New York :
|c Springer,
|d 2010.
|n Mode of access: World Wide Web.
|n System requirements: Web browser.
|n Title from title screen (viewed on Feb. 18, 2010).
|n Access may be restricted to users at subscribing institutions.
|
| 650 |
|
0 |
|a Automation.
|0 http://id.loc.gov/authorities/subjects/sh85010116
|
| 650 |
|
0 |
|a Business enterprises
|x Automation.
|
| 650 |
|
0 |
|a Management information systems.
|0 http://id.loc.gov/authorities/subjects/sh85080359
|
| 650 |
|
0 |
|a Workflow
|x Automation.
|
| 655 |
|
7 |
|a Electronic books.
|2 local
|
| 700 |
1 |
|
|a Ter Hofstede, Arthur,
|d 1966-
|0 http://id.loc.gov/authorities/names/n2003103572
|
| 710 |
2 |
|
|a SpringerLink (Online service)
|0 http://id.loc.gov/authorities/names/no2005046756
|
| 776 |
1 |
|
|c Original
|z 9783642031205
|z 364203120X
|w (OCoLC)499057593
|
| 856 |
4 |
0 |
|u http://proxy.library.tamu.edu/login?url=https://dx.doi.org/10.1007/978-3-642-03121-2
|z Connect to the full text of this electronic book
|t 0
|
| 994 |
|
|
|a 92
|b TXA
|
| 999 |
|
|
|a MARS
|
| 999 |
f |
f |
|s d9691fec-9df5-3e08-82b2-25e62949b55f
|i 404e9bc9-2767-3b44-8d24-8d33568c981c
|t 0
|
| 952 |
f |
f |
|a Texas A&M University
|b College Station
|c Electronic Resources
|d Available Online
|t 0
|e HD30.213
|h Library of Congress classification
|
| 998 |
f |
f |
|a HD30.213
|t 0
|l Available Online
|